000 00281nam a22001337a 4500
008 170401b xxu||||| |||| 00| 0 eng d
020 _a9780176055523
041 _aeng
080 _a574
100 _a8
101 _aSHM
245 _aOUR ENVIRONMENT
_cDRAPER, D
942 _2udc
_cBK
999 _c9403
_d9403